LEADER 04483nam 2200697Ia 450 001 9910454055503321 005 20200520144314.0 010 $a1-282-07343-5 010 $a9786612073434 010 $a3-11-021369-9 024 7 $a10.1515/9783110213690 035 $a(CKB)1000000000724200 035 $a(EBL)429301 035 $a(OCoLC)476276004 035 $a(SSID)ssj0000179420 035 $a(PQKBManifestationID)11170494 035 $a(PQKBTitleCode)TC0000179420 035 $a(PQKBWorkID)10126495 035 $a(PQKB)11679705 035 $a(MiAaPQ)EBC429301 035 $a(DE-B1597)35853 035 $a(OCoLC)1024052301 035 $a(OCoLC)979759354 035 $a(OCoLC)987927896 035 $a(OCoLC)992454434 035 $a(DE-B1597)9783110213690 035 $a(Au-PeEL)EBL429301 035 $a(CaPaEBR)ebr10282643 035 $a(CaONFJC)MIL207343 035 $a(EXLCZ)991000000000724200 100 $a20090213d2009 uy 0 101 0 $aeng 135 $aur||||||||||| 181 $ctxt 182 $cc 183 $acr 200 10$aInner-midrashic introductions and their influence on introductions to medieval rabbinic Bible commentaries$b[electronic resource] /$fMichel G. Distefano 210 $aBerlin ;$aNew York $cWalter de Gruyter$dc2009 215 $a1 online resource (243 p.) 225 1 $aStudia Judaica, Forschungen zur Wissenschaft des Judentums ;$vBd. XLVI 300 $aDescription based upon print version of record. 311 $a3-11-021368-0 320 $aIncludes bibliographical references and index. 327 $t Frontmatter -- $tContents -- $t1. Introduction and Method of Study -- $t2. The Inner?Midrashic Introduction in Sifra on Leviticus -- $t3. The Inner?Midrashic Introduction in Leviticus Rabbah -- $t4. The Inner?Midrashic Introduction in Song of Songs Rabbah -- $t5. The Inner?Midrashic Introduction in Lamentations Rabbah -- $t6. The Inner?Midrashic Introduction in Midrash Psalms -- $t7. The Inner?Midrashic Introduction in Midrash Mishle -- $t8. The Inner?Midrashic Introduction: Formal and Thematic Dimensions -- $t9. The Influence of the Inner?Midrashic Introductions on Rashi's Introductions -- $t10. The Influence of the Inner?Midrashic Introductions on Ibn Ezra's Introductions -- $t11. The Influence of the Inner?Midrashic Introductions on Ibn Tibbon's Introduction to Ecclesiastes -- $t12. The Influence of the Inner?Midrashic Introductions on Radak's Introductions -- $t13. The Influence of the Inner?Midrashic Introductions on Ramban's Introductions -- $t14. Conclusion -- $t Backmatter 330 $aThe opening sections of some exegetical Midrashim deal with the same type of material that is found in introductions to medieval rabbinic Bible commentaries. The application of Goldberg's form analysis to these sections reveals the new form "Inner-Midrashic Introduction" (IMI) as a thematic discourse on introductory issues to biblical books. By its very nature the IMI is embedded within the comments on the first biblical verse (1:1). Further analysis of medieval rabbinic Bible commentary introductions in terms of their formal, thematic, and material characteristics, reveals that a high degree of continuity exists between them and the IMIs, including another newly discovered form, the "Inner-Commentary Introduction". These new discoveries challenge the current view that traces the origin of Bible introduction in Judaism exclusively to non-Jewish models. They also point to another important link between the Midrashim and the commentaries, i.e., the decomposition of the functional form midrash in the new discoursive context of the commentaries. Finally, the form analysis demonstrates how larger discourses are formed in the exegetical Midrashim. 410 0$aStudia Judaica (Walter de Gruyter & Co.) ;$vBd. XLVI. 606 $aMidrash$xHistory and criticism 606 $aMidrash$xHistory and criticism$xTheory, etc 608 $aElectronic books. 615 0$aMidrash$xHistory and criticism. 615 0$aMidrash$xHistory and criticism$xTheory, etc. 676 $a296.1/406 686 $aBD 3640$2rvk 700 $aDistefano$b Michel G$01054694 801 0$bMiAaPQ 801 1$bMiAaPQ 801 2$bMiAaPQ 906 $aBOOK 912 $a9910454055503321 996 $aInner-midrashic introductions and their influence on introductions to medieval rabbinic Bible commentaries$92487535 997 $aUNINA LEADER 01818nam 22004212a 450 001 9910134024303321 005 20230829002036.0 010 $a0-521-63256-0 010 $a0-521-63455-5 035 $a(CKB)9870000000000484 035 $a(MH)007750228-0 035 $a(EXLCZ)999870000000000484 100 $a19971021d1998 uy 0 101 0 $aeng 200 04$aThe regional impacts of climate change $ean assessment of vulnerability /$fedited by Robert T. Watson ... [et al.] ; project administrator, David J. Dokken$b[electronic resource] 210 $aNew York $cCambridge University Press$d1998 215 $a1 online resource (x, 517 p. )$cill. (some col.) ; 300 $a"A special report of Working Group II of the Intergovernmental Panel on Climat Change." 320 $aIncludes bibliographical references and index. 606 $aClimatic changes$xEvaluation 606 $aClimatic changes$xRisk assessment 606 $aClimatic changes$xEvaluation 615 0$aClimatic changes$xEvaluation. 615 0$aClimatic changes$xRisk assessment. 615 0$aClimatic changes$xEvaluation. 676 $a363.738/742/09 701 $aWatson$b Robert Tony$f1948-$0282095 701 $aZinyowera$b Marufu C$01231915 701 $aMoss$b Richard H$01231916 701 $aWatson$b R. T$01231772 712 02$aIntergovernmental Panel on Climate Change.$bWorking Group II. 801 0$bDLC 801 1$bDLC 906 $aBOOK 912 $a9910134024303321 996 $aThe regional impacts of climate change$92860471 997 $aUNINA 999 $aThis Record contains information from the Harvard Library Bibliographic Dataset, which is provided by the Harvard Library under its Bibliographic Dataset Use Terms and includes data made available by, among others the Library of Congress